| 000 | 00460cam a22001337a 4500 | ||
|---|---|---|---|
| 008 | 180718b1981 xxu||||| |||| 00| 0 eng d | ||
| 082 | _aAPPPA 80-81 KRI | ||
| 100 | _aMurthi, R. Krishna | ||
| 245 |
_aPolicy analysis and implications for opium cultivation in India _cby R. Krishna Murthi |
||
| 260 |
_aNew Delhi _bIndian Institute of Public Administration _c1981 |
||
| 300 | _a152p. | ||
| 650 | _aImplications-Opium cultivation-India | ||
| 650 | _aPolicy analysis | ||
| 999 |
_c501263 _d501263 |
||